00477 2200193 4500001002100000005001500021035002000036007000300056008004100059020002200100082000800122084001400130100001400144245003200158250001100190260003800201300003400239650001000273INLIS00000000000119120210929095737 a0010-0921000090ta210929 b f ind  a978-623-96074-1-8 a813 a813 TER s0 aTere Liye1 aSi Anak Cahaya /cTere Liye aCet. 1 aDepok :bPT. Sabak Grip Nusantara a441 hlm. ;c13,5 cm x 20,5 cm anovel